000 00355nam a2200157Ia 4500
003 OSt
005 20240329104942.0
008 170524s9999 xx 000 0 und d
020 _a978-1259573088
040 _cIIMT UNIVERSITY
100 _aLEVE- WEITZ
100 _c2005
245 0 _aRETAIL MANAGEMENT
260 _aTATA MC GRAW HILL
942 _2ddc
_c02
999 _c2204
_d2204